التقرير العالمي بشأن العنف ضد الأطفال / (Record no. 16688)
[ view plain ]
| 000 -الفاتح | |
|---|---|
| حقل البيانات ثابتة الطول | 00818nam a22001577a 4500 |
| 008 - عناصر البيانات ثابتة الطول - معلومات عامة | |
| حقل البيانات ثابتة الطول | 120423s2007 ua|||||r|||| 000 0 ara d |
| 082 ## - رقم تصنيف ديوى العشرى | |
| رقم التصنيف | 179.2 |
| رقم المادة | ت ق ر |
| 100 ## - المدخل الرئيسى - إسم شخصى | |
| 9 (RLIN) | 29724 |
| الإسم الشخصى | بينهيرو ، باولو سيرجيو |
| 245 ## - بيان العنوان | |
| العنوان | التقرير العالمي بشأن العنف ضد الأطفال / |
| بيان المسئوليه,etc | المجلس القةمي للأمومة والطفولة بمصر؛ باولو سيرجيو بينهيرو |
| 260 ## - PUBLICATION, DISTRIBUTION, ETC. (IMPRINT) | |
| مكان الناشر او الموزع | القاهرة : |
| اسم الناشر او الموزع | Virgin Graphics، |
| تاريخ النشر أو التوزيع | 2007 |
| 300 ## - الوصف المادى | |
| التعداد | 364 ص : |
| تفاصيل ماديه اخرى للوعاء | أيض ؛ |
| أبعاد الوعاء | 22 سم |
| 650 ## - المدخل الاضافى بالموضوع-مصطلح موضوعى | |
| 9 (RLIN) | 29723 |
| مصطلح موضوعي أو اسم جغرافي كعنصر مدخل | القسوة على الأطفال |
| 710 ## - المدخل الاضافى - اسم هيئه | |
| 9 (RLIN) | 29725 |
| اسم الهيئة أو اسم السلطة كمدخل | المجلس القومي للأمومة والطفولة |
| 942 ## - عناصر المدخل الإضافي( كوها) | |
| مصدر التصنيف او مخطط الترفيف | Dewey Decimal Classification |
| Koha [default] item type | Book - Borrowing |
| حالة التراجع | حالة الفقد | مصدر التصنيف او خطة الترفيف | حالة تلف | ليس للاعارة | مجموعات كوها | المكان الدائم | المكان الحالي | موقع الترفيف | تاريخ الاكتساب | Source of acquisition | رقم الاستدعاء | الباركود | Date last seen | مُعار | نوع الوعاء |
|---|---|---|---|---|---|---|---|---|---|---|---|---|---|---|---|
| Dewey Decimal Classification | Alef-Baa | Central Library | Central Library | Lower Floor | 23/04/2012 | 179.2 ت ق ر | 000026677 | 15/07/2025 | 10/10/2019 | Book - Borrowing |